000 00585nam a2200229Ia 4500
003 OSt
005 20220924151501.0
006 a|||||r|||| 00| 0
007 ta
008 220923b |||||||| |||| 00| 0 ara d
024 _a337916
037 _cTextual
040 _aARTS
_cARTS
_bara
041 _2ara
_aara
082 _aO28,1N26,1, K7
100 _aSayyab Shakir Au.
_9224336
245 0 _aShanasheel abnurdl chalbi
260 _c1967
650 _aARABIC POETRY
942 _hO28,1N26,1, K7
_cTEXL
_2CC
999 _c466734
_d466734